000 00560nam a2200193Ia 4500
005 20250508164855.0
008 008 250505s9999 xx 000 0 eng d
037 _aDissertations
040 _aFEDL
_beng
_cFEDL
041 _aeng
_2eng
084 _a378, KUK/DI
_qFEDL
100 _aKukreja Vijeta
_9779393
245 0 _aPrivatization of higher education as a response to globalization
260 _c2005
300 _a52p.
546 _aM. Ed. Dissertation (Delhi University)
942 _cDIS
_h378, KUK/DI
999 _c1391725
_d1391725